Catálogo
 En Linea

El yoga alrededor del mundo / (Registro nro. 19752)

Detalles MARC
000 -CABECERA
campo de control de longitud fija 00615nam a2200193 a 4500
001 - NÚMERO DE CONTROL
campo de control 000020247
005 - FECHA Y HORA DE LA ÚLTIMA TRANSACCIÓN
campo de control 20200929170330.0
008 - DATOS DE LONGITUD FIJA--INFORMACIÓN GENERAL
campo de control de longitud fija 100730s1980 dr c 000 0 spa d
040 ## - FUENTE DE LA CATALOGACIÓN
Centro catalogador/agencia de origen DO-SdBNP
Lengua de catalogación spa
Centro/agencia transcriptor BNPHU
082 ## - NÚMERO DE LA CLASIFICACIÓN DECIMAL DEWEY
Número de clasificación 181.45
Número de documento/Ítem S254y
100 1# - ENTRADA PRINCIPAL--NOMBRE DE PERSONA
Nombre de persona Satyananda Saraswati, Swami,
Fechas asociadas al nombre 1923-
9 (RLIN) 42861
245 13 - MENCIÓN DE TÍTULO
Título El yoga alrededor del mundo /
Mención de responsabilidad, etc. Satyananda Paramhansa.
250 ## - MENCIÓN DE EDICIÓN
Mención de edición 1ª ed. en español
260 ## - PUBLICACIÓN, DISTRIBUCIÓN, ETC.
Lugar de publicación, distribución, etc. Santo Domingo :
Lugar de fabricación/manufactura Bogotá
Nombre del editor, distribuidor, etc. Politecnia,
Fecha de publicación, distribución, etc. 1980.
300 ## - DESCRIPCIÓN FÍSICA
Extensión 253 p. :
Otras características físicas il., retrs. ;
Dimensiones 22 cm.
590 ## - NOTA LOCAL (RLIN)
Nota local Inventariado, 2018/MFF
650 #4 - PUNTO DE ACCESO ADICIONAL DE MATERIA--TÉRMINO DE MATERIA
Término de materia o nombre geográfico como elemento de entrada Yoga
9 (RLIN) 685
910 ## - DATOS DE OPCIÓN DEL USUARIO (OCLC)
Datos de opción del usuario Validado. Control de calidad EMS.
Existencias
Estado de retiro Estado de pérdida Restricciones de uso No para préstamo Código de colección Localización permanente Ubicación/localización actual Ubicación en estantería Fecha de adquisición Número de inventario Total de préstamos Signatura topográfica completa Código de barras Fecha visto por última vez Precio válido a partir de Tipo de ítem Koha
        Patrimonio Dominicano General General Depósito 30.07.2010 LF1   181.45 S254y 20247-10 25.06.2020 25.06.2020 Libro y Folleto Colección Patrimonio Dominicano

Con tecnología Koha